00314 a2200121 450000500170000000800410001702000180005808200150007610000120009124500490010326000270015230000130017920260216155849.0260212b |||||||| |||| 00| 0 eng d a9781419707742 a720.28/RIN aRinzler aStar Wars Story boards: The original Trilogy bAbramsc2014aNew York a350pbHB